| 000 | 00514nam a2200133Ia 4500 | ||
|---|---|---|---|
| 008 | 170221s9999 xx 000 0 und d | ||
| 100 | _aBugariski, Oliver | ||
| 245 | _aAuditor resignations before and after the Sarbanes-Oxley Act | ||
| 245 | _cOliver Bugariski, RWDSU Health & Welfare and Pension Funds; Terry J. Ward, Middle Tennessee State University. | ||
| 260 | _bJournal of Management and Marketing Research | ||
| 260 | _c2015 | ||
| 650 | _xBusiness | ||
| 856 | _uhttp://www.aabri.com/manuscripts/111024.pdf | ||
| 999 |
_c309347 _d309347 |
||